|
|
|
|
| LEADER |
00907nta a2200205 i 4500 |
| 001 |
dipl60087 |
| 005 |
20161104155630.0 |
| 008 |
161104s2015 hu om 0|| zxx d |
| 040 |
|
|
|a SZTE Diploma Repozitórium
|b hun
|
| 041 |
|
|
|a zxx
|
| 100 |
2 |
|
|a Beöthy-Fehér Orsolya
|
| 245 |
1 |
0 |
|a Szubjektív és objektív audiológiai vizsgálatok csontba ágyazott implantátumot (BAHA) viselő betegeken
|h [elektronikus dokumentum] /
|c Orsolya Beöthy-Fehér
|
| 246 |
1 |
0 |
|a Subjective and objective audiological examinations in Bone Anchored Hearing Aid (BAHA) users
|h [elektronikus dokumentum]
|
| 260 |
|
|
|c 2015
|
| 650 |
|
4 |
|a Természettudományok
|
| 650 |
|
4 |
|a Natural sciences
|
| 700 |
0 |
1 |
|a Tóth Ferenc
|e ths
|
| 700 |
0 |
1 |
|a Kiss Kiss József Géza
|e ths
|
| 700 |
0 |
1 |
|a Pletl Szilveszter
|e ths
|
| 856 |
4 |
0 |
|u https://diploma.bibl.u-szeged.hu/id/eprint/60087/1/2016_Be%C3%B6thy_Feh%C3%A9r_Orsolya_BEOTAAT_SZE_SZ.pdf
|z Dokumentum-elérés
|